00614cam a2200181 a 450000100100000000500170001000800410002702000150006804000290008308200190011210000210013124500860015226000360023830000330027465000510030765000450035870000290040300001576820200929164139.0890315s1990 nyua 001 0ceng d a0070238049 aDO-SdBNPbengcLCdBNPHU a070.435bG662d1 aGordon, Gregory.10aDown to the wire :bupi's fight for survival /cGregory Gordon y Ronald E. Cohen. aNew York :bMcGraw-Hill,c1990. axii, 429 p. :bil. ;c24 cm. 4aAgencias de noticiaszEstados UnidosxHistoria 0aPeriodistaszEstados UnidosxBiografía1 aCohen, Ronald E.,d1937-